|
|
|
|
| LEADER |
00960nam a2200229 i 4500 |
| 001 |
misc47505 |
| 005 |
20201015104735.0 |
| 007 |
tz | |||||||| |
| 008 |
200528s1956 hu o 0|| hun d |
| 040 |
|
|
|a SZTE Miscellanea Repozitórium
|b hun
|
| 041 |
|
|
|a hun
|
| 100 |
1 |
|
|a Dobi István
|
| 245 |
1 |
0 |
|a Dobi István, az Elnöki Tanács Elnökének nyilatkozata
|h [elektronikus dokumentum] /
|c Dobi István
|
| 260 |
|
|
|a K. n.
|b H. n.
|c 1956
|
| 300 |
|
|
|a 1 fol.
|c 21,5 x 15 cm
|
| 561 |
|
|
|a 1956-os plakátok és szórólapok
|
| 650 |
|
4 |
|a Bölcsészettudományok
|
| 650 |
|
4 |
|a Történettudomány és régészet
|
| 650 |
|
4 |
|a Történettudomány
|
| 650 |
|
4 |
|a Újkori és jelenkori történelem
|
| 695 |
|
|
|a Magyarország története - 1956 - forrás, Forradalom - Magyarország - 1956, Kommunista párt - magyar - 1956 - forrás, Politikai párt - Magyarország - 1956 - forrás
|
| 856 |
4 |
0 |
|u http://misc.bibl.u-szeged.hu/47505/1/MS_1500_001_050.pdf
|z Dokumentum-elérés
|